000 00571nam a2200265Ia 4500
005 20260306164003.0
008 008 260114s9999 xx 000 0 eng d
020 _a9781479844272
037 _aEBOOK
040 _aCRL
040 _beng
040 _cCRL
041 _2eng
041 _aeng
084 _qCRL
100 _aKirkland
_91129765
245 0 _aVaccine Court
260 _bNYU Press
260 _c2017
650 _aLaw
856 _uhttps://academic.oup.com/book/15608
942 _cEBOOK
999 _c1712297
_d1712297